| Tag |
First Indicator |
Second Indicator |
Subfields |
| LEADER |
00000cam a2200000 a 4500 |
| 001 |
in00000014550 |
| 005 |
20151007052235.0 |
| 008 |
861125s1986 couac b 00010 eng d |
| 010 |
|
|
|a 86070867
|
| 020 |
|
|
|a 0937321001
|
| 035 |
|
|
|a (OCoLC)14874273
|
| 035 |
|
|
|9 AAA6919AM
|
| 040 |
|
|
|a KKU
|c KKU
|d m/c
|d TXA
|d UtOrBLW
|
| 049 |
|
|
|a TXAM
|c [A11011817]
|
| 050 |
|
4 |
|a NE1325.T76
|b A4 1986
|
| 100 |
1 |
|
|a Stevenson, John,
|d 1944-
|
| 245 |
1 |
0 |
|a Yoshitoshi's women :
|b the woodblock print series "Fuzoku sanjuniso" /
|c John Stevenson.
|
| 264 |
|
1 |
|a Boulder, Colo. :
|b Avery Press,
|c [1986]
|
| 264 |
|
4 |
|c ©1986
|
| 300 |
|
|
|a 94 pages :
|b color illustrations, portrait ;
|c 30 cm.
|
| 336 |
|
|
|a text
|b txt
|2 rdacontent
|
| 337 |
|
|
|a unmediated
|b n
|2 rdamedia
|
| 338 |
|
|
|a volume
|b nc
|2 rdacarrier
|
| 504 |
|
|
|a Bibliography: page 94.
|
| 600 |
1 |
0 |
|a Taiso, Yoshitoshi,
|d 1839-1892.
|
| 650 |
|
0 |
|a Women in art
|z Japan.
|
| 700 |
1 |
|
|a Taiso, Yoshitoshi,
|d 1839-1892.
|t Fuzoku sanjuniso.
|
| 999 |
|
|
|a MARS
|
| 999 |
f |
f |
|s ac806762-af0c-3232-a722-9f179d38e372
|i d50d18ce-dab1-3141-9c7c-e952beb3b6e7
|t 0
|
| 952 |
f |
f |
|p normal
|a Texas A&M University
|b College Station
|c Sterling C. Evans Library
|d Evans: Library Stacks
|t 0
|e NE1325.T76 A4 1986
|h Library of Congress classification
|i unmediated -- volume
|m A14811011817
|
| 998 |
f |
f |
|a NE1325.T76 A4 1986
|t 0
|l Evans: Library Stacks
|